| 000 | 01065nam a2200313 i 4500 | ||
|---|---|---|---|
| 003 | EG-GICUC | ||
| 005 | 20260305214303.0 | ||
| 008 | 260305s2001 fr a|||f |||| 00| 0 fre d | ||
| 040 |
_aEG-GiCUC _bfre _cEG-GiCUC _dEG-GiCUC _erda |
||
| 041 | _afre | ||
| 043 | _afr# | ||
| 082 | 0 | 4 |
_221 _a341.23 _bK O . C |
| 092 | 0 | 4 |
_221 _a341.23 |
| 099 | _aLaw1 11 341.23 K O . C 2001 | ||
| 100 | 1 |
_aKolliopoulos, Alexandros _eAuthor. |
|
| 245 |
_aLa Commission d'indemnisation des Nations Unies et le droit de la responsabilité internationale / _cpar Alexandros Kolliopoulos ; préface de Pierre-Marie Dupuy. |
||
| 264 |
_aParis : _bL.G.D.J, _c2001 |
||
| 300 |
_a483 pages : _billustrations, _c24 cm |
||
| 336 |
_2rda content _atext |
||
| 337 |
_2rda media _aComputer |
||
| 338 |
_2rda carrier _aOnline Resource |
||
| 504 | _aBibliography: pages 200-250. | ||
| 650 | 1 |
_aNations Unies. _2qrmak |
|
| 650 | 1 | _aCommission d'indemnisation | |
| 651 | 1 | _2qrmak | |
| 856 | 4 | 0 | _uhttps://fll.law.cu.edu.eg/fulltext/bks/B11-07083.pdf |
| 905 | _a15 | ||
| 942 |
_2ddc _cBK _e21 _n0 |
||
| 999 |
_c65097 _d65097 |
||